The sustainable urban design handbook / (Record no. 8304)

MARC details
000 -LEADER
fixed length control field 03095cam a22004098i 4500
001 - CONTROL NUMBER
control field 23367235
003 - CONTROL NUMBER IDENTIFIER
control field OSt
005 - DATE AND TIME OF LATEST TRANSACTION
control field 20251211143041.0
008 - FIXED-LENGTH DATA ELEMENTS--GENERAL INFORMATION
fixed length control field 231030s2024 nyu bf 001 0 eng
010 ## - LIBRARY OF CONGRESS CONTROL NUMBER
LC control number 2023042420
020 ## - INTERNATIONAL STANDARD BOOK NUMBER
International Standard Book Number 9781138945678
Qualifying information (hbk)
020 ## - INTERNATIONAL STANDARD BOOK NUMBER
International Standard Book Number 9781138945692
Qualifying information (pbk)
020 ## - INTERNATIONAL STANDARD BOOK NUMBER
Canceled/invalid ISBN 9781315671239
Qualifying information (ebk)
035 ## - SYSTEM CONTROL NUMBER
System control number 23367235
040 ## - CATALOGING SOURCE
Original cataloging agency DLC
Language of cataloging eng
Description conventions rda
Transcribing agency DLC
Modifying agency DLC
042 ## - AUTHENTICATION CODE
Authentication code pcc
050 00 - LIBRARY OF CONGRESS CALL NUMBER
Classification number TD160
Item number .L37 2023
082 00 - DEWEY DECIMAL CLASSIFICATION NUMBER
Classification number 712.2 L37 2023
Edition number 23/eng/20240104
100 1# - MAIN ENTRY--PERSONAL NAME
Personal name Larco, Nicolas,
Relator term author.
245 14 - TITLE STATEMENT
Title The sustainable urban design handbook /
Statement of responsibility, etc. Nico Larco, Kaarin Knudson.
263 ## - PROJECTED PUBLICATION DATE
Projected publication date 2404
264 #1 - PRODUCTION, PUBLICATION, DISTRIBUTION, MANUFACTURE, AND COPYRIGHT NOTICE
Place of production, publication, distribution, manufacture New York, NY :
Name of producer, publisher, distributor, manufacturer Routledge,
Date of production, publication, distribution, manufacture, or copyright notice 2023.
300 ## - PHYSICAL DESCRIPTION
Extent 438 pages 27 cm
336 ## - CONTENT TYPE
Content type term text
Content type code txt
Source rdacontent
337 ## - MEDIA TYPE
Media type term unmediated
Media type code n
Source rdamedia
338 ## - CARRIER TYPE
Carrier type term volume
Carrier type code nc
Source rdacarrier
504 ## - BIBLIOGRAPHY, ETC. NOTE
Bibliography, etc. note Includes bibliographical references and index.
520 ## - SUMMARY, ETC.
Summary, etc. "With more than half of the world's population now living in urbanized areas and the threats of climate change and resource depletion becoming tangible, Sustainable Urban Design is quickly becoming a critical field. The Sustainable Urban Design Handbook gathers the best sustainability practices and latest research from the fields of architecture, landscape architecture, planning, development, ecology and environmental engineering and presents them in a graphically rich and easy to access format that is a resource for urban design projects of all scales. The book presents a comprehensive Sustainable Urban Design Framework that organizes the many elements of urban design in relation to four main resource targets: Transportation Based Energy Use, Water, Ecology and Habitat, and Non-Transportation Based Energy Use and Production and four key scales: Regional, Neighborhood/District, Street/Block, and Project/Parcel. The framework allows designers and planners to see the range of elements they should address in any given scale project as well as the related elements that exist at other scales. Each element is broken out in its own section that describes the element and its importance, compares typical practices and recommended approaches, explains the connection to other elements, and ends with a list of 'Rules of Thumb' that can be used to directly guide project work. Easy to use and reference, The Sustainable Urban Design Handbook provides both an in depth introduction to topics across sustainable urban design and serves as an on-going desktop reference for anyone involved in the creation of sustainable urban environments"--
Assigning source Provided by publisher.
650 #0 - SUBJECT ADDED ENTRY--TOPICAL TERM
Topical term or geographic name entry element Municipal engineering
Form subdivision Handbooks, manuals, etc.
650 #0 - SUBJECT ADDED ENTRY--TOPICAL TERM
Topical term or geographic name entry element City planning
Form subdivision Handbooks, manuals, etc.
650 #0 - SUBJECT ADDED ENTRY--TOPICAL TERM
Topical term or geographic name entry element Sustainable urban development
Form subdivision Handbooks, manuals, etc.
700 1# - ADDED ENTRY--PERSONAL NAME
Personal name Knudson, Kaarin,
Relator term author.
776 08 - ADDITIONAL PHYSICAL FORM ENTRY
Relationship information Online version:
Main entry heading Larco, Nicolas.
Title Sustainable urban design handbook
Place, publisher, and date of publication New York, NY : Routledge, 2023
International Standard Book Number 9781315671239
Record control number (DLC) 2023042421
906 ## - LOCAL DATA ELEMENT F, LDF (RLIN)
a 7
b cbc
c orignew
d 1
e ecip
f 20
g y-gencatlg
942 ## - ADDED ENTRY ELEMENTS (KOHA)
Source of classification or shelving scheme Dewey Decimal Classification
Koha item type English Book
Suppress in OPAC No
Holdings
Withdrawn status Lost status Source of classification or shelving scheme Damaged status Not for loan Home library Current library Date acquired Total Checkouts Full call number Barcode Date last seen Price effective from Koha item type
    Dewey Decimal Classification     CENTRAL TUWAIQ 12/28/2025   712.2 L37 2023 1000000025610 12/28/2025 12/28/2025 English Book